[Event "ZMDI-Open 2013"]
[Site "Dresden"]
[Date "2013.08.13"]
[Round "4"]
[White "Scholz, R."]
[Black "Dorst, K."]
[Result "0-1"]
[WhiteElo "1109"]
[BlackElo "1761"]
[PlyCount "98"]
[EventDate "2013.??.??"]

1. c4 e6 2. Nc3 Nf6 3. d4 d5 4. cxd5 exd5 5. Nf3 Bb4 6. Bd2 O-O 7. e3 c6 8. a3
Bd6 9. g3 Bg4 10. Bg2 Nbd7 11. Qb3 Qb6 12. Qxb6 Nxb6 13. Rd1 Ne4 14. O-O Nc4
15. Be1 Nxb2 16. Rb1 Bxa3 17. Nxe4 dxe4 18. Ne5 Be6 19. Bxe4 Nc4 20. Rb3 Nxe5
21. Rxa3 Nc4 22. Rc3 Bd5 23. Bd3 b5 24. e4 Be6 25. Rc2 Bh3 26. Bxc4 bxc4 27.
Bb4 Bxf1 28. Kxf1 Rfe8 29. e5 a5 30. Ba3 f6 31. exf6 gxf6 32. Rxc4 Re6 33. Ra4
Rd8 34. Bc5 Ra8 35. Bb4 Rb8 36. Bxa5 Rb2 37. Bc3 Rc2 38. Rc4 Ree2 39. Rxc6
Rxf2+ 40. Ke1 Rxh2 41. Kd1 Ra2 42. Be1 Ra1+ 43. Rc1 Rxc1+ 44. Kxc1 Kf7 45. d5
Rg2 46. Kd1 Ke7 47. Bb4+ Kd7 48. Bd2 Rxg3 49. Kc2 Rg6 0-1

[Event "ZMDI-Open 2013"]
[Site "Dresden"]
[Date "2013.08.13"]
[Round "4"]
[White "Schlegel, H."]
[Black "Klein, A."]
[Result "1/2-1/2"]
[WhiteElo "1035"]
[BlackElo "1735"]
[PlyCount "65"]
[EventDate "2013.??.??"]

1. e4 d5 2. exd5 Qxd5 3. Nc3 Qa5 4. d4 Nf6 5. Bc4 Bf5 6. Bd2 Qb6 7. Nf3 c6 8.
O-O Nbd7 9. Na4 Qc7 10. Nc3 e6 11. a3 Bd6 12. Re1 O-O 13. Re3 Bg4 14. Be2 Bxf3
15. Bxf3 Bxh2+ 16. Kh1 Bf4 17. Re1 Rfe8 18. g3 Bxg3 19. fxg3 Qxg3 20. Qe2 e5
21. Qg2 Qxg2+ 22. Bxg2 exd4 23. Ne2 Ne4 24. Bf4 c5 25. Nxd4 Nf2+ 26. Kg1 Rxe1+
27. Rxe1 cxd4 28. Kxf2 Nf6 29. Bxb7 Re8 30. Rd1 Ng4+ 31. Kf1 Ne3+ 32. Bxe3 dxe3
33. Ba6 1/2-1/2

[Event "ZMDI-Open 2013"]
[Site "Dresden"]
[Date "2013.08.13"]
[Round "4"]
[White "Koch, K."]
[Black "Grohmann, A."]
[Result "0-1"]
[WhiteElo "800"]
[BlackElo "1512"]
[PlyCount "52"]
[EventDate "2013.??.??"]

1. e4 c5 2. Bc4 e6 3. d3 a6 4. Nf3 d6 5. Nc3 Nd7 6. O-O Ngf6 7. Bd2 Be7 8. Qe2
O-O 9. Rae1 b5 10. Bb3 Bb7 11. Bg5 Re8 12. Nd2 Ne5 13. f3 Qb6 14. Be3 Qd8 15.
Rf2 Ned7 16. Ref1 d5 17. d4 dxe4 18. fxe4 c4 19. e5 Nd5 20. Nxd5 Bxd5 21. Qd1
Rf8 22. c3 cxb3 23. axb3 Bg5 24. Qe2 Bxe3 25. Qxe3 Nb6 26. c4 bxc4 0-1

[Event "ZMDI-Open 2013"]
[Site "Dresden"]
[Date "2013.08.13"]
[Round "4"]
[White "Kultscher, C."]
[Black "Kanibalotzka, E."]
[Result "0-1"]
[WhiteElo "1046"]
[BlackElo "1822"]
[PlyCount "62"]
[EventDate "2013.??.??"]

1. e4 d6 2. d3 Nf6 3. Nc3 g6 4. Bg5 Bg7 5. Be2 c6 6. Qd2 Nbd7 7. Nf3 h6 8. Be3
Ng4 9. O-O Nxe3 10. Qxe3 O-O 11. g3 Nf6 12. h3 Bxh3 13. Rfd1 Ng4 14. Qd2 Qb6
15. d4 e6 16. Nh2 f5 17. Na4 Qd8 18. f3 Nf6 19. exf5 exf5 20. Re1 b5 21. Nc3 d5
22. Nd1 Qb8 23. Qf4 Qxf4 24. gxf4 Nh5 25. Kf2 Bxd4+ 26. Ne3 Rae8 27. Bf1 Bxf1
28. Nhxf1 Nxf4 29. Rad1 Bb6 30. Kg1 Bc7 31. Ng2 Nd3 0-1

[Event "ZMDI-Open 2013"]
[Site "Dresden"]
[Date "2013.08.13"]
[Round "4"]
[White "Schüring, L."]
[Black "Hansch, B."]
[Result "1/2-1/2"]
[WhiteElo "1256"]
[BlackElo "1577"]
[PlyCount "45"]
[EventDate "2013.??.??"]

1. d4 Nf6 2. c4 e5 3. Bg5 exd4 4. Qxd4 Nc6 5. Qd1 Bc5 6. e3 h6 7. Bh4 g5 8. Bg3
Ne4 9. Bd3 Nxg3 10. hxg3 d6 11. a3 Qf6 12. Nc3 Ne5 13. Nd5 Qd8 14. b4 c6 15.
bxc5 cxd5 16. cxd5 dxc5 17. Bb5+ Bd7 18. Bxd7+ Qxd7 19. Nf3 Nxf3+ 20. Qxf3
O-O-O 21. e4 b5 22. O-O h5 23. Qe3 1/2-1/2

[Event "ZMDI-Open 2013"]
[Site "Dresden"]
[Date "2013.08.13"]
[Round "4"]
[White "Knappe, S."]
[Black "Scharff, J."]
[Result "0-1"]
[WhiteElo "1072"]
[BlackElo "1693"]
[PlyCount "84"]
[EventDate "2013.??.??"]

1. d4 Nf6 2. Bf4 e6 3. Nf3 d5 4. a3 h6 5. Nc3 c6 6. e3 Nbd7 7. Bd3 Nh5 8. Be5
Nhf6 9. O-O c5 10. Bb5 a6 11. Bxf6 Qxf6 12. Bxd7+ Bxd7 13. e4 cxd4 14. Nxd4 Bc5
15. Nf3 d4 16. e5 Qe7 17. Ne4 Bb6 18. b4 O-O 19. Qd3 Bb5 20. c3 dxc3 21. Qd6
Qxd6 22. Nxd6 Bxf1 23. Rxf1 a5 24. b5 Bc5 25. Nc4 Rfc8 26. Rc1 Bxf2+ 27. Kxf2
Rxc4 28. Ke2 Rd8 29. Rc2 b6 30. Ne1 Re4+ 31. Kf2 Rd2+ 32. Kf3 Rxe1 33. Rxc3
Rxe5 34. a4 Red5 35. Rc8+ Rd8 36. Rc6 R2d3+ 37. Ke2 R3d6 38. Rc7 Kf8 39. Ke3 g6
40. Kf4 Rd4+ 41. Ke5 R8d5+ 42. Kf6 Rf4# 0-1